[Event "Vall del Tenes"]
[Site "Santa Eulalia de Roncana"]
[Date "2019.06.07"]
[Round "7.1"]
[White "Prats Safont, Sergi"]
[Black "Serrat Rifa, Ernest"]
[Result "1-0"]
[WhiteElo "2045"]
[BlackElo "2124"]
[PlyCount "35"]
[EventDate "2019.04.26"]
[EventType "tourn"]
[EventRounds "9"]
[EventCountry "ESP"]
[SourceTitle "EXT 2024"]
[Source "ChessBase"]
[SourceDate "2023.10.10"]
[SourceVersion "1"]
[SourceVersionDate "2023.10.10"]
[SourceQuality "1"]

1. e4 e5 2. Nf3 Nc6 3. Bc4 Bc5 4. d3 Nf6 5. 0-0 d6 6. c3 h6 7. g3 g5 8. d4 exd4 9. cxd4 Bb6 10. Re1 g4 11. e5 gxf3 12. exf6+ Kf8 13. Qxf3 Bxd4 14. Re4 Bxf6 15. Qh5 Rh7 16. Bxh6+ Kg8 17. Qg6+ Bg7 18. Qxf7+ 1-0

[Event "Vall del Tenes"]
[Site "Santa Eulalia de Roncana"]
[Date "2019.05.03"]
[Round "2.1"]
[White "Buldo Polls, Joan"]
[Black "Prats Safont, Sergi"]
[Result "0-1"]
[WhiteElo "1998"]
[BlackElo "2045"]
[PlyCount "84"]
[EventDate "2019.04.26"]
[EventType "tourn"]
[EventRounds "9"]
[EventCountry "ESP"]
[SourceTitle "EXT 2024"]
[Source "ChessBase"]
[SourceDate "2023.10.10"]
[SourceVersion "1"]
[SourceVersionDate "2023.10.10"]
[SourceQuality "1"]

1. d4 Nf6 2. c4 e6 3. Nf3 b6 4. g3 Ba6 5. Qa4 Bb7 6. Bg2 c5 7. e3 Be7 8. 0-0 0-0 9. Nc3 cxd4 10. exd4 d6 11. Re1 Nbd7 12. Bf4 a6 13. Qd1 Rc8 14. Qe2 Qc7 15. Nd2 Bxg2 16. Kxg2 h6 17. h4 Rfe8 18. Kg1 Bf8 19. Rac1 e5 20. dxe5 dxe5 21. Be3 Rcd8 22. Nde4 Qc6 23. f3 Nxe4 24. fxe4 Nc5 25. Bxc5 Bxc5+ 26. Kh2 Bb4 27. Rf1 Bxc3 28. Rxc3 Rd4 29. Re1 Red8 30. Rc2 Rd3 31. b3 Qg6 32. Qf2 R8d4 33. Rce2 Qg4 34. Re3 g5 35. Rxd3 Rxd3 36. hxg5 hxg5 37. Rf1 f6 38. Re1 Rf3 39. Qg2 Qh5+ 40. Kg1 g4 41. Re2 Qh6 42. Rd2 Qe3+ 0-1

[Event "Roncana op-A 12th"]
[Site "Santa Eulalia de Roncana"]
[Date "2018.12.01"]
[Round "8"]
[White "Bernado Lopez, Roger"]
[Black "Prats Safont, Sergi"]
[Result "1/2-1/2"]
[WhiteElo "1722"]
[BlackElo "1929"]
[PlyCount "89"]
[EventDate "2018.09.29"]
[EventType "swiss"]
[EventRounds "8"]
[EventCountry "ESP"]
[SourceTitle "CBM 187 Extra"]
[Source "ChessBase"]
[SourceDate "2018.11.04"]
[SourceVersion "1"]
[SourceVersionDate "2018.11.04"]
[SourceQuality "1"]

1. e4 c5 2. Nf3 e6 3. d4 cxd4 4. Nxd4 Nc6 5. Nc3 a6 6. Nxc6 bxc6 7. Bd3 d5 8. 0-0 Ne7 9. Re1 g6 10. Na4 Bg7 11. c3 0-0 12. Be3 e5 13. Nb6 Rb8 14. Nxc8 Qxc8 15. Qe2 a5 16. Ba7 Ra8 17. Bc5 Qc7 18. Rad1 Rfd8 19. Rd2 Nc8 20. Red1 Nb6 21. Bxb6 Qxb6 22. exd5 cxd5 23. Bb1 d4 24. cxd4 exd4 25. b3 Re8 26. Qf3 Rac8 27. Re2 Rxe2 28. Qxe2 Qc6 29. Bd3 Re8 30. Qd2 Qc3 31. Kf1 Qc7 32. Kg1 Bf6 33. Re1 Rxe1+ 34. Qxe1 Kg7 35. g3 Qc5 36. Qd2 Bg5 37. Qc2 Qxc2 38. Bxc2 Kf8 39. Kf1 Ke7 40. Ke2 Kd6 41. Kd3 Kc5 42. a3 Bf6 43. Bd1 Bg7 44. f4 f5 45. Bf3 1/2-1/2

[Event "Roncana op-A 12th"]
[Site "Santa Eulalia de Roncana"]
[Date "2018.11.17"]
[Round "7"]
[White "Prats Safont, Sergi"]
[Black "Olive Torras, Ricard"]
[Result "1-0"]
[WhiteElo "1929"]
[BlackElo "1505"]
[PlyCount "51"]
[EventDate "2018.09.29"]
[EventType "swiss"]
[EventRounds "8"]
[EventCountry "ESP"]
[SourceTitle "CBM 187 Extra"]
[Source "ChessBase"]
[SourceDate "2018.11.04"]
[SourceVersion "1"]
[SourceVersionDate "2018.11.04"]
[SourceQuality "1"]

1. e4 e5 2. Nf3 Nc6 3. Bc4 Bc5 4. c3 Nf6 5. d3 0-0 6. 0-0 h6 7. h3 d5 8. exd5 Nxd5 9. a4 a6 10. Nbd2 Re8 11. Re1 Nf6 12. b4 Bd6 13. Ne4 Nxe4 14. dxe4 Be6 15. Bxe6 Rxe6 16. Be3 Qe7 17. a5 Rd8 18. Qb3 Qf6 19. b5 axb5 20. Qxb5 Rb8 21. a6 Nd8 22. Ba7 c6 23. Qb3 Ra8 24. axb7 Rxa7 25. Rxa7 Bb8 26. Ra8 1-0

[Event "Roncana op-A 12th"]
[Site "Santa Eulalia de Roncana"]
[Date "2018.11.03"]
[Round "5"]
[White "Prats Safont, Sergi"]
[Black "Lorenzo Martinez, Ruben"]
[Result "1-0"]
[WhiteElo "1929"]
[BlackElo "1788"]
[PlyCount "139"]
[EventDate "2018.09.29"]
[EventType "swiss"]
[EventRounds "8"]
[EventCountry "ESP"]
[SourceTitle "CBM 187 Extra"]
[Source "ChessBase"]
[SourceDate "2018.11.04"]
[SourceVersion "1"]
[SourceVersionDate "2018.11.04"]
[SourceQuality "1"]

1. e4 c5 2. Nf3 e6 3. d4 cxd4 4. Nxd4 Nf6 5. f3 Be7 6. c4 d6 7. Be3 b6 8. Nc3 Bb7 9. Qd2 Nbd7 10. Be2 Qc7 11. Ndb5 Qb8 12. Rd1 0-0 13. Nxd6 Rd8 14. Nxb7 Qxb7 15. Qc2 Rac8 16. 0-0 a6 17. Rd2 Bb4 18. a3 Bxc3 19. Qxc3 b5 20. Qb3 Rb8 21. cxb5 axb5 22. Rfd1 Rdc8 23. Rd6 h6 24. a4 Nc5 25. Bxc5 Rxc5 26. Bxb5 Qc7 27. Qd3 Rc1 28. b4 Nd5 29. Rxc1 Qxc1+ 30. Kf2 Qb2+ 31. Kg1 Qc1+ 32. Qf1 Qe3+ 33. Qf2 Qc1+ 34. Qf1 Qe3+ 35. Kh1 Nxb4 36. Qd1 Ra8 37. Rd8+ Rxd8 38. Qxd8+ Kh7 39. Qd1 Nc2 40. h3 Ne1 41. Qe2 Qc1 42. Kh2 Qf4+ 43. Kg1 Qc1 44. Kf2 Nc2 45. Bd3 Nd4 46. e5+ g6 47. Qe3 Qb2+ 48. Kg3 Qc3 49. Qe4 Nf5+ 50. Kh2 Qc5 51. Qf4 Kg7 52. Bxf5 exf5 53. h4 Qc7 54. Qd4 h5 55. Qd5 Kg8 56. Kh3 Kf8 57. Kh2 Kg7 58. Qd6 Qc4 59. Qf6+ Kg8 60. a5 Qf4+ 61. Kh3 Qc1 62. a6 f4 63. Kh2 Qe3 64. e6 fxe6 65. Qxg6+ Kf8 66. Qxh5 Qb6 67. Qh8+ Ke7 68. Qg7+ Kd6 69. a7 Qa6 70. Qf8+ 1-0

[Event "Roncana op-A 12th"]
[Site "Santa Eulalia de Roncana"]
[Date "2018.10.27"]
[Round "4"]
[White "Rojano Cano, Francisco Jose"]
[Black "Prats Safont, Sergi"]
[Result "1-0"]
[WhiteElo "2094"]
[BlackElo "1929"]
[PlyCount "49"]
[EventDate "2018.09.29"]
[EventType "swiss"]
[EventRounds "8"]
[EventCountry "ESP"]
[SourceTitle "CBM 187 Extra"]
[Source "ChessBase"]
[SourceDate "2018.11.04"]
[SourceVersion "1"]
[SourceVersionDate "2018.11.04"]
[SourceQuality "1"]

1. e4 Nf6 2. e5 Nd5 3. Nc3 e6 4. Nxd5 exd5 5. Qf3 c6 6. Nh3 d6 7. d4 Bxh3 8. Qxh3 dxe5 9. dxe5 Nd7 10. Bd2 Nxe5 11. 0-0-0 Bd6 12. f4 Ng6 13. Re1+ Ne7 14. Bd3 Qb6 15. Re2 c5 16. Rhe1 Kf8 17. f5 f6 18. Re6 c4 19. Be2 Rc8 20. Bh5 h6 21. Qh4 c3 22. Bxc3 Rxc3 23. bxc3 Ba3+ 24. Kd2 Qc7 25. Qa4 1-0

[Event "Roncana op-A 12th"]
[Site "Santa Eulalia de Roncana"]
[Date "2018.10.20"]
[Round "3"]
[White "Prats Safont, Sergi"]
[Black "Rojano Alfonso, Carlos"]
[Result "1/2-1/2"]
[WhiteElo "1929"]
[BlackElo "2199"]
[PlyCount "80"]
[EventDate "2018.09.29"]
[EventType "swiss"]
[EventRounds "8"]
[EventCountry "ESP"]
[SourceTitle "CBM 187 Extra"]
[Source "ChessBase"]
[SourceDate "2018.11.04"]
[SourceVersion "1"]
[SourceVersionDate "2018.11.04"]
[SourceQuality "1"]

1. e4 g6 2. d4 Bg7 3. Nc3 c6 4. Be3 d5 5. Be2 dxe4 6. Nxe4 Nd7 7. Nf3 Ngf6 8. Nxf6+ Nxf6 9. 0-0 Qc7 10. c3 0-0 11. Bd3 Nd5 12. Re1 b5 13. a3 a5 14. Qe2 Re8 15. Bd2 Rb8 16. h3 Nb6 17. Ne5 Nd5 18. b3 f6 19. Nf3 Nf4 20. Bxf4 Qxf4 21. Qe3 Qd6 22. b4 Bd7 23. Bc2 Ra8 24. Bb3+ Kf8 25. Nd2 e5 26. Ne4 exd4 27. Nxd6 dxe3 28. Nxe8 exf2+ 29. Kxf2 Bxe8 30. Rab1 f5 31. Re3 axb4 32. axb4 Ra3 33. Rbe1 Bd7 34. Re7 Rxb3 35. Rxd7 Rxc3 36. Ree7 Bd4+ 37. Kf1 Rc4 38. Rxh7 Kg8 39. Rhe7 Kf8 40. Rh7 Kg8 1/2-1/2

[Event "Barcelona Sant Marti op-B 20th"]
[Site "Barcelona"]
[Date "2018.07.19"]
[Round "7"]
[White "Prats Safont, Sergi"]
[Black "Costa Trave, Jaume"]
[Result "1/2-1/2"]
[WhiteElo "1918"]
[BlackElo "1862"]
[PlyCount "129"]
[EventDate "2018.07.13"]
[EventType "swiss"]
[EventRounds "9"]
[EventCountry "ESP"]
[SourceTitle "EXT 2019"]
[Source "ChessBase"]
[SourceDate "2018.10.10"]
[SourceVersion "1"]
[SourceVersionDate "2018.10.10"]
[SourceQuality "1"]

1. e4 e6 2. d4 d5 3. Nd2 Nf6 4. e5 Nfd7 5. Bd3 c5 6. c3 Nc6 7. Ne2 Qb6 8. Nf3 cxd4 9. cxd4 f6 10. exf6 Nxf6 11. 0-0 Bd6 12. Re1 0-0 13. Nc3 Bd7 14. h3 Rae8 15. Bc2 Kh8 16. Bb3 a6 17. Rb1 Qa7 18. Bg5 b5 19. Bc2 Nb4 20. Bb3 Bc8 21. Re2 Nc6 22. Bc2 Ne7 23. Qd3 Neg8 24. b4 Qc7 25. a4 bxa4 26. Bxa4 Bd7 27. Bxd7 Nxd7 28. Qxa6 Bxb4 29. Nxd5 exd5 30. Rxe8 Rxe8 31. Rxb4 Ndf6 32. Rb7 Qc2 33. Ne5 h6 34. Bxf6 Nxf6 35. Qd3 Qc1+ 36. Kh2 Qf4+ 37. Qg3 Qxg3+ 38. Kxg3 Ra8 39. f3 Ra4 40. Ng6+ Kh7 41. Nf8+ Kh8 42. Ne6 g5 43. Rf7 Nh5+ 44. Kg4 Nf4 45. Nxf4 Rxd4 46. Kg3 gxf4+ 47. Rxf4 Rd2 48. Rf6 Kg7 49. Rd6 d4 50. f4 Kh7 51. Kf3 Rd3+ 52. Ke4 Rg3 53. Rxd4 Rxg2 54. Kf5 h5 55. Kf6 Rg3 56. h4 Rg4 57. Rd7+ Kh6 58. f5 Rxh4 59. Rd6 Rh1 60. Ke7+ Kg5 61. f6 h4 62. Rd5+ Kg6 63. Rd6 Re1+ 64. Re6 Rf1 65. Re4 1/2-1/2